000
00444nam a2200145Ia 4500
008
100204s9999 xx 000 0 und d
082
_b
2814
100
_a
मुसळे गोविंद
245
_a
उंच माणसे
260
_b
"श्री विशाखा प्रकाशन, पुणे"
_c
1980
300
_a
196
630
_a
उंच माणसे
730
_a
उंच माणसे
942
_c
BOOK
999
_c
447836
_d
447833